000 00905cab a2200277 4500
001 WB2832-85
008 090401t1992 xxu||||| |||| 00| 0 eng d
035 _a(Sirsi) u1373
041 _aeng
245 _aPlanning controls for temporary uses
260 _c1992
350 _a0
490 _aDoE News Release
_v(553) 3 August 1992 (12)
520 _aA DoE consultation paper has been published concerning planning control of temporary uses such as clay pigeon shooting or war games. Includes consultation paper.
650 _aCAR BOOT SALES
650 _aCLAY PIGEON SHOOTING
650 _aCONSULTATION PAPERS
650 _aPERMITTED DEVELOPMENT
650 _aPLANNING CONTROL
650 _aTEMPORARY USES OF LAND
650 _aTOWN AND COUNTRY PLANNING GENERAL DEVELOPMENT ORDER 1988
650 _aWAR GAMES
690 _aPLANNING LAW AND PRACTICE
942 _n0
948 _c04/03/1997
999 _c755
_d755